Πυρηνική ενέργεια και αειφόρος ανάπτυξη : απόψεις εκπαιδευτικών δευτεροβάθμιας εκπαίδευσης : διπλωματική εργασία [μεταπτυχιακή εργασία]

Αποθηκεύτηκε σε:
Λεπτομέρειες βιβλιογραφικής εγγραφής
Κύριος συγγραφέας: Στέργου, Στέργος Εμμ
Συγγραφή απο Οργανισμό/Αρχή: Πανεπιστήμιο Αιγαίου Σχολή Ανθρωπιστικών Επιστημών Τμήμα Επιστημών της Προσχολικής Αγωγής και του Εκπαιδευτικού Σχεδιασμού Πρόγραμμα Μεταπτυχιακών Σπουδών Περιβαλλοντική Εκπαίδευση
Άλλοι συγγραφείς: Κόνσολας, Εμμανουήλ (Εισηγητής διατριβής)
Μορφή: Thesis Βιβλίο
Γλώσσα:Greek
Δημοσίευση: 2012
Θέματα:
Διαθέσιμο Online:http://hdl.handle.net/11610/15746
Ετικέτες: Προσθήκη ετικέτας
Δεν υπάρχουν, Καταχωρήστε ετικέτα πρώτοι!

MARC

LEADER 00000cam a2200000 i 4500
001 1/23647
008 121025s2012 gre d
035 |l 10113282 
040 |a GR-MY-UA  |b gre  |e aacr 
041 0 |a gre 
082 0 |a 333.792  |2 (22) 
100 1 |a Στέργου, Στέργος Εμμ. 
245 1 0 |a Πυρηνική ενέργεια και αειφόρος ανάπτυξη :  |b απόψεις εκπαιδευτικών δευτεροβάθμιας εκπαίδευσης : διπλωματική εργασία [μεταπτυχιακή εργασία] /  |c Στέργου Εμμ. Στέργος ; επιβλέπων: Κόνσολας Εμμανουήλ 
260 |c 2012 
300 |a 120 σ.;  |b πιν.;  |c 30 εκ. 
500 |a Μέλη εξεταστικής επιτροπής: Ανδρεαδάκης Νικόλαος, Δημητρίου Αναστασία 
502 |a Διατριβή (μεταπτυχιακή) – Πανεπιστήμιο Αιγαίου, Ρόδος, 2012. 
504 |a Βιβλιογραφία: σ. 95-103 
650 0 0 |a Nuclear energy. 
650 0 0 |a Nuclear power plants  |x Environmental aspects. 
650 0 0 |a Environmental policy. 
650 0 0 |a Environmental education. 
650 0 0 |a Teachers  |x Attitudes. 
650 0 0 |a Dissertations, Academic  |z Greece. 
700 1 |a Κόνσολας, Εμμανουήλ.  |4 ths 
710 2 |a Πανεπιστήμιο Αιγαίου  |b Σχολή Ανθρωπιστικών Επιστημών  |b Τμήμα Επιστημών της Προσχολικής Αγωγής και του Εκπαιδευτικού Σχεδιασμού  |b Πρόγραμμα Μεταπτυχιακών Σπουδών Περιβαλλοντική Εκπαίδευση. 
852 |a INST  |b RHODES  |c DIATR  |e 20121025  |h 333.792 ΣΤΕ  |p 005400034647  |q 005400034647  |t MTXE  |y 23 
852 |a INST  |b RHODES  |c DIATR  |e 20121025  |h 333.792 ΣΤΕ  |p 005400034648  |q 005400034648  |t MTXE  |y 23 
856 |u http://hdl.handle.net/11610/15746 
901 |a BIBL4-2012-3 
909 |a Ρ  |b 176234 
909 |a Ρ  |b 176235 
924 |a ΣΤΕΡΓΟΥ  |b ΣΤΕΡΓΟΣ ΕΜΜ.  |y ΡΟΔΟΣ  |z 2012 
970 |z 2012/10/25